<?xml version="1.0" encoding="UTF-8"?>
<marc:record xmlns:marc="http://www.loc.gov/MARC21/slim">
   <marc:leader>00000nam a2200000 a 4500</marc:leader>
   <marc:datafield ind1="1" ind2=" " tag="100">
      <marc:subfield code="a">Stone, Rex</marc:subfield>
      <marc:subfield code="4">aut</marc:subfield>
      <marc:subfield code="e">Verfasser/-in</marc:subfield>
   </marc:datafield>
   <marc:datafield ind1=" " ind2=" " tag="653">
      <marc:subfield code="a">Jurassic Park</marc:subfield>
   </marc:datafield>
   <marc:datafield ind1=" " ind2=" " tag="653">
      <marc:subfield code="a">Das geheime Dinoversum</marc:subfield>
   </marc:datafield>
   <marc:datafield ind1=" " ind2=" " tag="653">
      <marc:subfield code="a">Dinosaurier</marc:subfield>
   </marc:datafield>
   <marc:datafield ind1="0" ind2="0" tag="245">
      <marc:subfield code="a">Auf der Spur des Stegosaurus</marc:subfield>
   </marc:datafield>
   <marc:datafield ind1="0" ind2="0" tag="245">
      <marc:subfield code="b">Kinder</marc:subfield>
   </marc:datafield>
   <marc:datafield ind1="0" ind2="0" tag="245">
      <marc:subfield code="c">Stone, Rex</marc:subfield>
   </marc:datafield>
   <marc:datafield ind1=" " ind2="1" tag="264">
      <marc:subfield code="a">Bindlach</marc:subfield>
      <marc:subfield code="b">Loewe</marc:subfield>
      <marc:subfield code="c">2019</marc:subfield>
   </marc:datafield>
   <marc:datafield ind1="1" ind2=" " tag="490">
      <marc:subfield code="a">Das geheime Dinoversum X-tra farbig</marc:subfield>
      <marc:subfield code="v">7</marc:subfield>
   </marc:datafield>
   <marc:datafield ind1=" " ind2=" " tag="250">
      <marc:subfield code="a">1. Auflage</marc:subfield>
   </marc:datafield>
   <marc:datafield ind1="1" ind2=" " tag="520">
      <marc:subfield code="a">Angaben aus der Verlagsmeldung &#xD;
&#xD;
 &#xD;
&#xD;
  Das geheime Dinoversum Xtra 7 - Auf der Spur des Stegosaurus : ab 7 Jahre / von Rex Stone &#xD;
&#xD;
 &#xD;
Eine Herde Stegosaurier wird von einem Gewitter überrascht. Heftiger Regen spült eines der Dino-Eier aus dem Nest. Keine Frage  Jan und Tim müssen es unbedingt retten! Doch so eine Mission kann gefährlich sein  &#xD;
&#xD;
&#xD;
&#xD;
Spannende Dinosaurier-Geschichten mit vielen farbigen Bildern für Jungs ab 7 Jahren. Im Stil der Bestseller-Reihe Das magische Baumhaus junior eignet sich diese Reihe sowohl zum Vorlesen als auch zum Selberlesen. Jan und Tim entdecken den Eingang zum geheimen Dinoversum  einer Welt voller lebendiger Dinos. Abenteuerspaß für alle echten Dinosaurier-Fans! &#xD;
&#xD;
&#xD;
&#xD;
Basierend auf der Originalausgabe &#xD;
 Das geheime Dinoversum - Stegosaurus in Not. Gekürzt und zum Vorlesen bearbeitet, mit vielen farbigen Illustrationen. &#xD;
&#xD;
&#xD;
&#xD;
Alle Bände von &#xD;
 Das geheime Dinoversum Xtra&#xD;
  sind bei Antolin gelistet.</marc:subfield>
   </marc:datafield>
   <marc:datafield ind1=" " ind2=" " tag="020">
      <marc:subfield code="a">9783743202368</marc:subfield>
      <marc:subfield code="9">9783743202368</marc:subfield>
   </marc:datafield>
   <marc:datafield ind1=" " ind2=" " tag="020">
      <marc:subfield code="a">3743202360</marc:subfield>
      <marc:subfield code="9">3743202360</marc:subfield>
   </marc:datafield>
   <marc:datafield ind1=" " ind2=" " tag="041">
      <marc:subfield code="a">ger</marc:subfield>
   </marc:datafield>
   <marc:datafield ind1=" " ind2=" " tag="300">
      <marc:subfield code="b">iii. zahlr. illustriert</marc:subfield>
   </marc:datafield>
   <marc:datafield ind1="0" ind2=" " tag="490">
      <marc:subfield code="v">7</marc:subfield>
   </marc:datafield>
   <marc:datafield ind1=" " ind2=" " tag="338">
      <marc:subfield code="a">Band</marc:subfield>
   </marc:datafield>
   <marc:datafield ind1=" " ind2=" " tag="300">
      <marc:subfield code="a">74 S.</marc:subfield>
   </marc:datafield>
</marc:record>
